<?xml version="1.0" encoding="UTF-8"?>
<record
    xmlns:xsi="http://www.w3.org/2001/XMLSchema-instance"
    xsi:schemaLocation="http://www.loc.gov/MARC21/slim http://www.loc.gov/standards/marcxml/schema/MARC21slim.xsd"
    xmlns="http://www.loc.gov/MARC21/slim">

  <leader>02195cam a22003611  4500</leader>
  <controlfield tag="001">gs 12000312 </controlfield>
  <controlfield tag="003">DLC</controlfield>
  <controlfield tag="005">20260227111313.0</controlfield>
  <controlfield tag="008">740702s1912    onc           000 0 eng  </controlfield>
  <datafield tag="010" ind1=" " ind2=" ">
    <subfield code="a">gs 12000312 </subfield>
  </datafield>
  <datafield tag="035" ind1=" " ind2=" ">
    <subfield code="a">(OCoLC)933958</subfield>
  </datafield>
  <datafield tag="040" ind1=" " ind2=" ">
    <subfield code="a">DLC</subfield>
    <subfield code="c">NhD</subfield>
    <subfield code="d">OCoLC</subfield>
    <subfield code="d">DLC</subfield>
  </datafield>
  <datafield tag="042" ind1=" " ind2=" ">
    <subfield code="a">premarc</subfield>
  </datafield>
  <datafield tag="050" ind1="0" ind2="0">
    <subfield code="a">TP326.C2</subfield>
    <subfield code="b">P7</subfield>
  </datafield>
  <datafield tag="100" ind1="1" ind2=" ">
    <subfield code="a">Porter, J. B.</subfield>
    <subfield code="q">(John Bonsall),</subfield>
    <subfield code="d">1861-1944.</subfield>
  </datafield>
  <datafield tag="245" ind1="1" ind2="3">
    <subfield code="a">An investigation of the coals of Canada</subfield>
    <subfield code="b">with reference to their economic qualities:</subfield>
    <subfield code="c">as conducted at McGill university, Montreal, under the authority of the dominion government...by J.B. Porter...and R.J. Durley...assisted by Th&#xE9;ophile C. Denis...Edgar Stansfield...and a staff of special assistants.</subfield>
  </datafield>
  <datafield tag="260" ind1=" " ind2=" ">
    <subfield code="a">Ottawa,</subfield>
    <subfield code="b">Government printing bureau,</subfield>
    <subfield code="c">1912-15.</subfield>
  </datafield>
  <datafield tag="300" ind1=" " ind2=" ">
    <subfield code="a">7 v.</subfield>
    <subfield code="b">plates (part fold.) fold. maps, plans (part fold.) fold. tables. diagrs. (part fold.)</subfield>
    <subfield code="c">26 cm.</subfield>
  </datafield>
  <datafield tag="490" ind1="0" ind2=" ">
    <subfield code="a">Canada. Dept. of mines. Mines branch. [Report no. 83]</subfield>
  </datafield>
  <datafield tag="500" ind1=" " ind2=" ">
    <subfield code="a">Vol. 7 is extra volume supplementing report no. 83.</subfield>
  </datafield>
  <datafield tag="504" ind1=" " ind2=" ">
    <subfield code="a">Bibliography: [v. 7] p. 184-188.</subfield>
  </datafield>
  <datafield tag="505" ind1="0" ind2=" ">
    <subfield code="a">v. 1. [Coal washing and coking tests]-v. 2. [Boiler and gas producer tests]-v. 3 Appendix I. Detailed results of the coal washing trials, by J.B. Porter.-v. 4. Appendix II. Detailed results of the boiler trials, by R.J. Durley.-v. 5 Appendix III. Detailed results of the gas producer trials, by R.J. Durley.-v. 6. Appendix IV. Manufacture and testing of coke, by E. Stansfield and J.B. Porter. Appendix V. Work of the Chemical laboratory, by E. Stansfield.-[v. 7] Weathering of coal, by J. B. Porter...assisted by S.L. Brunton...J.B. De Hart...E.E. Billington...A.E. Cameron...and E. Stansfield.</subfield>
  </datafield>
  <datafield tag="650" ind1=" " ind2="0">
    <subfield code="a">Coal</subfield>
    <subfield code="z">Canada.</subfield>
  </datafield>
  <datafield tag="700" ind1="1" ind2=" ">
    <subfield code="a">Durley, R. J.</subfield>
    <subfield code="q">(Richard John),</subfield>
    <subfield code="d">1868-</subfield>
  </datafield>
  <datafield tag="700" ind1="1" ind2=" ">
    <subfield code="a">Stansfield, Edgar,</subfield>
    <subfield code="d">1878-</subfield>
  </datafield>
  <datafield tag="700" ind1="1" ind2=" ">
    <subfield code="a">Denis, Th&#xE9;ophile C.</subfield>
    <subfield code="q">(Th&#xE9;ophile Constant),</subfield>
    <subfield code="d">1872-1955.</subfield>
  </datafield>
  <datafield tag="700" ind1="1" ind2=" ">
    <subfield code="a">Brunton, S. L.</subfield>
    <subfield code="q">(Stopford Lauder),</subfield>
    <subfield code="d">1884-1943.</subfield>
  </datafield>
  <datafield tag="700" ind1="1" ind2=" ">
    <subfield code="a">De Hart, J. B.</subfield>
    <subfield code="q">(Joseph Bertram),</subfield>
    <subfield code="d">1890-</subfield>
  </datafield>
  <datafield tag="700" ind1="1" ind2=" ">
    <subfield code="a">Billington, E. E.</subfield>
    <subfield code="q">(Edward Eric),</subfield>
    <subfield code="d">1889-</subfield>
  </datafield>
  <datafield tag="700" ind1="1" ind2=" ">
    <subfield code="a">Cameron, Alan E.</subfield>
    <subfield code="q">(Alan Emerson),</subfield>
    <subfield code="d">1890-1977.</subfield>
  </datafield>
  <datafield tag="710" ind1="1" ind2=" ">
    <subfield code="a">Canada.</subfield>
    <subfield code="b">Mines Branch.</subfield>
  </datafield>
  <datafield tag="710" ind1="2" ind2=" ">
    <subfield code="a">McGill University.</subfield>
  </datafield>
  <datafield tag="999" ind1=" " ind2=" ">
    <subfield code="c">25145</subfield>
    <subfield code="d">25145</subfield>
  </datafield>
</record>
